Vocabulaire en Anglais sur l'immigration - Statistiques

Statistiques générales
  • Ce quiz a été pris 176 fois
  • Le résultat moyen est 6 sur 45
Statistiques - réponses
Hint Réponse % Correct
nationalité nationality
89%
inconnu stranger
76%
étranger foreigner
57%
Une frontière a border
36%
Un réfugié a refugee
35%
une carte d'identité an identity card
29%
un exode an exodus
24%
immigration de masse mass immigration
24%
accueillir to welcome
21%
Emigrer to emigrate
19%
Pays d'origine Home country
15%
Un faux passeport a fake passport
14%
Un contrebandier/ un passeur a smuggler
14%
Pays natal native country
14%
Un pays d'accueil a host country
12%
immigration à grande échelle large-scale immigration
12%
Les personnes de nationalité française French citizens
11%
La patrie Homeland
10%
Un nouvel arrivant Newcomer
10%
Un ressortissant étranger a foreign national
8%
un demandeur d'asile an asylum-seeker
8%
Immigration choisie sélective immigration
7%
Une personne déplacée a displaced person
6%
Une politique migratoire an immigration policy
6%
Le traffic d'être humains Human trafficking
5%
Contrôle d'identité identity check
5%
Une apatride a stateless person
4%
L'immigration clandestine, irrégulière illegal immigration
4%
Echapper à la pauvreté to escape poverty
4%
Se réfugier to take refuge
4%
Un réseau de passeurs a smuggling ring
3%
Un passager clandestin a stowaway
3%
La police des frontières ICE
3%
Les flux migratoires migration flows
3%
Fuir la persécution to flee persecution
3%
Le contrôle aux frontières border controls
2%
Les passeurs d'immigrants clandestins people smugglers
2%
Fuir la misère to flee destitution
2%
Demander l'asile politique to seek political asylum
2%
L'immigration sauvage uncontrolled immigration
2%
Un centre de rétention a holding center
1%
Un immigrant clandestin an illegal undocumented
1%
Fermer ses frontières to close one's borders
1%
Chercher de meilleurs conditions de vie to look for better living-conditions
1%
reconduire qqun à la frontière to escort somebody back to the border
0%
Aucun quiz correspondant
Distribution des résultats
% des personnes avec chaque résultat
Percentile par nombre de réponses
Votre historique - résultats
Vous n’avez pas pris ce quiz